[Event "13. Lichtenberger Sommer"]
[Site "?"]
[Date "2014.08.16"]
[Round "1.26"]
[White "Lieder, Günter"]
[Black "Wiebe, Patrick"]
[Result "1/2-1/2"]
[WhiteElo "1864"]
[BlackElo "2176"]
[PlyCount "69"]
[EventDate "2014.??.??"]
[WhiteTeam "SK Turm Bad Hersfeld"]
[BlackTeam "SK Nordhorn-Blanke"]

1. c4 e6 2. Nc3 d5 3. cxd5 exd5 4. d4 Nf6 5. Nf3 c6 6. g3 Bf5 7. Bg2 Bb4 8. O-O
O-O 9. a3 Bxc3 10. bxc3 Be4 11. Qb3 Qb6 12. Qxb6 axb6 13. Ne5 Bxg2 14. Kxg2 b5
15. f3 Nbd7 16. Nd3 Ra7 17. Bf4 Nb6 18. Bd6 Re8 19. Kf2 Nc4 20. Bb4 Nd7 21. Ra2
f5 22. h3 b6 23. Rfa1 Ra4 24. g4 fxg4 25. hxg4 Kf7 26. Re1 Rc8 27. e4 c5 28. e5
Ndxe5 29. dxe5 cxb4 30. Nxb4 Ke6 31. f4 g6 32. Rd1 Rc5 33. Nd3 Rc7 34. Nb4 Rc5
35. Nd3 1/2-1/2

[Event "13. Lichtenberger Sommer"]
[Site "?"]
[Date "2014.08.16"]
[Round "1.27"]
[White "Zur, Jan"]
[Black "Fuchs, Gabriele"]
[Result "1-0"]
[WhiteElo "2088"]
[BlackElo "1708"]
[PlyCount "59"]
[EventDate "2014.??.??"]
[WhiteTeam "SC Zugzwang 95 e.V."]
[BlackTeam "SF Kraichtal"]

1. e4 c5 2. Nf3 e6 3. d4 cxd4 4. Nxd4 a6 5. Bd3 d6 6. O-O Nf6 7. c4 Be7 8. Nc3
O-O 9. Qe2 Nbd7 10. Be3 Nc5 11. Bc2 Re8 12. b4 Ncd7 13. Ba4 Bf8 14. Rfd1 g6 15.
Rac1 Qe7 16. Nb3 Rd8 17. Na5 d5 18. Bxd7 Nxd7 19. c5 Qh4 20. g3 Qh3 21. exd5
Nf6 22. Bg5 Bg7 23. Bxf6 Bxf6 24. Ne4 Bg7 25. Nd6 Bd7 26. Naxb7 Ba4 27. Nxd8
Bxd1 28. Rxd1 Rxd8 29. dxe6 fxe6 30. c6 1-0

[Event "13. Lichtenberger Sommer"]
[Site "?"]
[Date "2014.08.16"]
[Round "1.28"]
[White "Strowig, Justin"]
[Black "Lagunow, Raphael"]
[Result "0-1"]
[WhiteElo "1855"]
[BlackElo "2121"]
[PlyCount "92"]
[EventDate "2014.??.??"]
[WhiteTeam "SV Mattnetz Berlin e.V."]
[BlackTeam "SK Zehlendorf e.V."]

1. e4 c5 2. c3 d5 3. exd5 Qxd5 4. d4 e5 5. Be3 cxd4 6. cxd4 Nc6 7. Nc3 Bb4 8.
a3 Bxc3+ 9. bxc3 exd4 10. cxd4 Nf6 11. Nf3 O-O 12. Bd3 Bf5 13. Bxf5 Qxf5 14.
O-O Rac8 15. Qb1 Qd7 16. Ne5 Qe7 17. Qa2 Rfd8 18. Rfe1 Nd5 19. Nf3 Qd6 20. Bg5
Re8 21. Qb2 b6 22. Bh4 Na5 23. Bg3 Qd7 24. Rxe8+ Rxe8 25. h3 f6 26. Rc1 Rc8 27.
Ne1 Rxc1 28. Qxc1 Qc6 29. Qc2 Nc4 30. Nd3 a5 31. Nf4 Nxf4 32. Bxf4 Qd5 33. Qe2
Kf7 34. Bc1 b5 35. Qg4 h5 36. Qf4 Nd6 37. a4 b4 38. Kh2 g5 39. Qd2 Qf5 40. g3
Kg7 41. Qe2 Qe4 42. Qxh5 Qc2 43. Be3 b3 44. h4 b2 45. hxg5 b1=Q 46. Qh6+ Kg8
0-1

[Event "13. Lichtenberger Sommer"]
[Site "?"]
[Date "2014.08.16"]
[Round "1.29"]
[White "Rohde, Wolfgang"]
[Black "Korell, Klaus-Peter"]
[Result "1-0"]
[WhiteElo "2162"]
[BlackElo "1901"]
[PlyCount "49"]
[EventDate "2014.??.??"]
[WhiteTeam "SC Friesen Lichtenberg e.V."]
[BlackTeam "SG TT/Wiheil"]

1. d4 Nf6 2. Nf3 e6 3. g3 b6 4. Bg2 Bb7 5. O-O Be7 6. c4 O-O 7. Nc3 d5 8. Ne5
Nbd7 9. Qa4 Nxe5 10. dxe5 Ng4 11. cxd5 Nxe5 12. d6 Bxg2 13. dxe7 Qxe7 14. Kxg2
Rfd8 15. Bf4 Ng6 16. Rfd1 c5 17. Rxd8+ Rxd8 18. Rd1 Rd4 19. Rxd4 cxd4 20. Ne4
e5 21. Bg5 f6 22. Qc4+ Qf7 23. Qxf7+ Kxf7 24. Bd2 a5 25. Nd6+ 1-0

[Event "13. Lichtenberger Sommer"]
[Site "?"]
[Date "2014.08.16"]
[Round "1.30"]
[White "Schilly, Hans-Joachim"]
[Black "Simon, Ralf-Axel"]
[Result "0-1"]
[WhiteElo "1804"]
[BlackElo "2173"]
[PlyCount "138"]
[EventDate "2014.??.??"]
[WhiteTeam "SF Siemensstadt"]
[BlackTeam "TSG Neuruppin"]

1. c4 Nf6 2. Nc3 e5 3. Nf3 Nc6 4. d3 d5 5. cxd5 Nxd5 6. g3 Be7 7. Bg2 Be6 8.
O-O O-O 9. Nxd5 Bxd5 10. b3 f5 11. Bb2 Bf6 12. Rc1 Qe7 13. Qc2 Rad8 14. Qc5 Qf7
15. Rfe1 Be7 16. Qc2 e4 17. Ne5 Nxe5 18. Bxe5 exd3 19. exd3 c6 20. Bxd5 Rxd5
21. d4 Rfd8 22. Qc4 Bd6 23. f4 Bc7 24. Bxc7 Qxc7 25. Re5 Qf7 26. Rce1 Rxe5 27.
Qxf7+ Kxf7 28. dxe5 Rd2 29. Ra1 Ke6 30. h3 h6 31. b4 g5 32. a3 Rd4 33. b5 cxb5
34. Rc1 gxf4 35. gxf4 Rxf4 36. Rc7 Ra4 37. Rxb7 a6 38. Rb6+ Kxe5 39. Rxh6 Rxa3
40. Kg2 a5 41. Rb6 b4 42. h4 Kf4 43. h5 Rg3+ 44. Kh2 Rg5 45. h6 Rh5+ 46. Kg2
Kg4 47. Rb5 Rxh6 48. Rxa5 Rb6 49. Ra2 Kf4 50. Kf2 Ke4 51. Ke2 Kd4 52. Kd2 Rh6
53. Ra5 Rh2+ 54. Kc1 Rf2 55. Rb5 Kc4 56. Rb8 Kb3 57. Rb5 f4 58. Kd1 Kc3 59.
Rc5+ Kd3 60. Rd5+ Kc4 61. Rd8 b3 62. Rc8+ Kd4 63. Rd8+ Ke3 64. Re8+ Kf3 65. Kc1
Kg2 66. Rg8+ Kf1 67. Rb8 b2+ 68. Kb1 f3 69. Rf8 Kg1 0-1

[Event "13. Lichtenberger Sommer"]
[Site "?"]
[Date "2014.08.16"]
[Round "1.31"]
[White "Brümmel, Arend"]
[Black "Krüger, Ekkehard"]
[Result "1-0"]
[WhiteElo "2132"]
[BlackElo "1798"]
[PlyCount "85"]
[EventDate "2014.??.??"]
[WhiteTeam "Stader SV"]
[BlackTeam "SG Narva Berlin e.V."]

1. d4 Nf6 2. c4 g6 3. Nc3 Bg7 4. e4 d6 5. Nf3 O-O 6. Be2 e5 7. O-O exd4 8. Nxd4
Bd7 9. Be3 Nc6 10. Qd2 Re8 11. f3 Nh5 12. Kh1 Nxd4 13. Bxd4 Bxd4 14. Qxd4 Nf4
15. Rfe1 Ne6 16. Qe3 a5 17. Rad1 Nc5 18. Qh6 Bc6 19. Rd2 Qf6 20. Nd1 a4 21. Ne3
Qg7 22. Qxg7+ Kxg7 23. Bd3 h5 24. Kg1 Re5 25. Bc2 Rb8 26. Nd5 Bxd5 27. cxd5 g5
28. g3 Re7 29. Rd4 Ra8 30. Kf2 Ra5 31. Rb4 b6 32. Re3 Re8 33. Ra3 Rea8 34. Ke3
Kf6 35. Kd4 b5 36. Ke3 Na6 37. Rd4 Nc5 38. Rb4 Na6 39. Rd4 Nc5 40. Bd1 Rb8 41.
b4 axb3 42. Rxa5 b2 43. Rb4 1-0

[Event "13. Lichtenberger Sommer"]
[Site "?"]
[Date "2014.08.16"]
[Round "1.32"]
[White "Exner, Roland"]
[Black "Nötzel, Felix"]
[Result "1/2-1/2"]
[WhiteElo "1908"]
[BlackElo "2113"]
[PlyCount "52"]
[EventDate "2014.??.??"]
[WhiteTeam "SV Berolina Mitte e.V."]
[BlackTeam "Sfrd. Berlin 1903 e.V."]

1. d4 d5 2. Nf3 e6 3. g3 Nf6 4. Bg2 Bd6 5. O-O O-O 6. c4 c6 7. Nc3 Nbd7 8. Qd3
dxc4 9. Qxc4 e5 10. Bg5 Qa5 11. Bxf6 Nxf6 12. dxe5 Bxe5 13. Nxe5 Qxe5 14. Rad1
Be6 15. Qb4 Qc7 16. Rd2 a5 17. Qc5 a4 18. Rfd1 Ra5 19. Qb4 c5 20. Qxb7 Qxb7 21.
Bxb7 a3 22. b3 g6 23. Rd8 Rxd8 24. Rxd8+ Kg7 25. Kf1 Ra7 26. Bf3 Nd7 1/2-1/2

[Event "13. Lichtenberger Sommer"]
[Site "?"]
[Date "2014.08.16"]
[Round "1.33"]
[White "Kreutzkamp, Hans-Rudolf"]
[Black "Ziems, Michael"]
[Result "1-0"]
[WhiteElo "2186"]
[BlackElo "1809"]
[PlyCount "122"]
[EventDate "2014.??.??"]
[WhiteTeam "SK Union Eimsbuettel eV"]
[BlackTeam "SV Empor Berlin e.V."]

1. e4 e6 2. d4 d5 3. Nc3 Nf6 4. Bg5 Be7 5. Bxf6 Bxf6 6. e5 Be7 7. Qg4 O-O 8.
Bd3 f5 9. Qh3 c5 10. dxc5 Bxc5 11. Nf3 Nc6 12. O-O Nb4 13. a3 Nxd3 14. cxd3 Bd7
15. d4 Be7 16. Rad1 g5 17. Ne1 g4 18. Qd3 Bg5 19. f4 Be7 20. Rf2 h5 21. Rc2 Rc8
22. Rdc1 Qa5 23. Qd1 Rc4 24. Kh1 Qb6 25. Rd2 Rfc8 26. Rb1 Qa6 27. Nc2 Kf7 28.
Ne3 R4c7 29. Kg1 b5 30. Qb3 Qb7 31. Ne2 a5 32. Qd1 b4 33. a4 Bd8 34. b3 Rc6 35.
Kf2 Be7 36. Nc2 Rh8 37. Ne1 h4 38. Ke3 Qb6 39. Nd3 Bc8 40. Rc2 Bb7 41. Rxc6
Bxc6 42. Rc1 Rc8 43. h3 Qd8 44. Nc5 Qg8 45. Ng1 Qg6 46. hxg4 fxg4 47. Qd3 Bxc5
48. Qxg6+ Kxg6 49. Rxc5 Bd7 50. Ne2 Ra8 51. Nc1 Kf5 52. Rc7 Be8 53. Nd3 Bh5 54.
Rh7 Kg6 55. Re7 Kf5 56. Nc5 h3 57. Rxe6 Rf8 58. Rh6 Bg6 59. gxh3 gxh3 60. Kf3
Rg8 61. Rxh3 Bf7 1-0

[Event "13. Lichtenberger Sommer"]
[Site "?"]
[Date "2014.08.16"]
[Round "1.34"]
[White "Stiemerling, Andreas"]
[Black "Krefenstein, Sergej"]
[Result "0-1"]
[WhiteElo "1699"]
[BlackElo "2094"]
[PlyCount "104"]
[EventDate "2014.??.??"]
[WhiteTeam "SSV Rotation Berlin e.V."]
[BlackTeam "TuS Makkabi Berlin e.V."]

1. c4 c5 2. g3 Nf6 3. Bg2 d5 4. cxd5 Nxd5 5. Nc3 Nc7 6. b3 e5 7. Nf3 Nc6 8. O-O
Be7 9. Bb2 O-O 10. Rc1 f6 11. Nh4 Bd7 12. e3 Qc8 13. Nd5 Nxd5 14. Bxd5+ Be6 15.
Bg2 Qd7 16. a3 Na5 17. Rc3 Rfd8 18. d3 Qb5 19. Be4 g6 20. Nxg6 hxg6 21. Bxg6
Kg7 22. Be4 f5 23. Bg2 Bf6 24. b4 Rac8 25. e4 Nc6 26. Rxc5 Qxd3 27. Qxd3 Rxd3
28. h4 b6 29. Rc3 Rxc3 30. Bxc3 Nd4 31. Ba1 f4 32. Kh2 Rc2 33. Kg1 f3 34. Bh1
Bc4 35. Re1 Be2 36. Kh2 Ra2 37. Rc1 Nc2 38. Bc3 Nxa3 39. g4 Bxh4 40. Bxe5+ Kg6
41. Bg3 Bd8 42. Bf4 Nc2 43. Kg3 Bg5 44. Rb1 Nd4 45. Be5 Ne6 46. Bd6 Bd2 47. Be7
Ng5 48. e5 Ne4+ 49. Kh4 Nxf2 50. Kg3 Ne4+ 51. Kh4 Kf7 52. Bd8 Bf4 0-1

[Event "13. Lichtenberger Sommer"]
[Site "?"]
[Date "2014.08.16"]
[Round "1.35"]
[White "Jaeschke, Jens-Uwe"]
[Black "Jacob, Karl"]
[Result "1/2-1/2"]
[WhiteElo "2130"]
[BlackElo "1697"]
[PlyCount "56"]
[EventDate "2014.??.??"]
[WhiteTeam "Sfr.Nord-Ost Berlin"]
[BlackTeam "Schachfreunde Hettstedt"]

1. e4 Nf6 2. e5 Nd5 3. d4 d6 4. c4 Nb6 5. exd6 exd6 6. Nc3 Be7 7. Bd3 Nc6 8.
Be3 O-O 9. a3 Bf6 10. Nge2 Re8 11. O-O Bg4 12. Qc2 g6 13. b4 a6 14. h3 Bxe2 15.
Nxe2 Bg7 16. Rac1 Qh4 17. Rfd1 Nd7 18. c5 d5 19. g3 Qf6 20. Qd2 Ne7 21. Kg2 Qc6
22. Ng1 Nf8 23. Nf3 f6 24. Re1 Qd7 25. Re2 Nf5 26. Bxf5 Qxf5 27. Bf4 Qd7 28.
Rce1 Kf7 1/2-1/2

[Event "13. Lichtenberger Sommer"]
[Site "?"]
[Date "2014.08.16"]
[Round "1.36"]
[White "Olaizola, Miguel"]
[Black "Stiemerling, Wilfried"]
[Result "0-1"]
[WhiteElo "1773"]
[BlackElo "2134"]
[PlyCount "62"]
[EventDate "2014.??.??"]
[WhiteTeam "SK Zehlendorf e.V."]
[BlackTeam "BSG Pneumant Fürstenwalde e.V."]

1. e4 e6 2. d4 d5 3. exd5 exd5 4. Nf3 Nf6 5. Bg5 Be7 6. Be2 O-O 7. O-O Ne4 8.
Bxe7 Qxe7 9. Nbd2 f5 10. Ne5 Nd7 11. f4 Ndf6 12. Ndf3 Be6 13. Ng5 Nxg5 14. fxg5
Ne4 15. g6 h6 16. Rf4 c5 17. c3 Rac8 18. Bd3 Qg5 19. Qf1 cxd4 20. cxd4 Qd8 21.
Rd1 Qb6 22. Bb5 Rfd8 23. Nf7 Bxf7 24. gxf7+ Kxf7 25. Rxf5+ Kg8 26. g3 Rf8 27.
Bd7 Rcd8 28. b3 a6 29. Kg2 Qd6 30. Rxf8+ Rxf8 31. Bf5 g6 0-1

[Event "13. Lichtenberger Sommer"]
[Site "?"]
[Date "2014.08.16"]
[Round "1.37"]
[White "Schäfer, Heiko"]
[Black "Krusemark, Gerhard"]
[Result "1-0"]
[WhiteElo "2064"]
[BlackElo "1755"]
[PlyCount "51"]
[EventDate "2014.??.??"]
[WhiteTeam "Potsdamer SV Mitte e.V."]
[BlackTeam "TSG Rot-Weiß Fredersdorf/Vogelsd"]

1. e4 e6 2. d3 d5 3. Nd2 c5 4. g3 Nc6 5. Bg2 Nf6 6. Ngf3 Bd6 7. O-O O-O 8. Re1
e5 9. exd5 Nxd5 10. Ne4 f6 11. c3 Bc7 12. Nh4 Nce7 13. a4 Be6 14. f4 Nc6 15. f5
Bf7 16. Qg4 h5 17. Qe2 Re8 18. Ng6 Bxg6 19. fxg6 Kf8 20. Qxh5 Ke7 21. Ng5 fxg5
22. Rf1 Nf6 23. Bxg5 Qd6 24. Qh7 Nd8 25. Rxf6 Qxf6 26. Qxg7+ 1-0

[Event "13. Lichtenberger Sommer"]
[Site "?"]
[Date "2014.08.16"]
[Round "1.38"]
[White "Schmitt, Jens-Ole"]
[Black "Gelemerov, Yane"]
[Result "0-1"]
[WhiteElo "1691"]
[BlackElo "2090"]
[PlyCount "52"]
[EventDate "2014.??.??"]
[WhiteTeam "SG Narva Berlin e.V."]
[BlackTeam "Krakera Pernik"]

1. e4 e5 2. Nf3 Nc6 3. Bb5 Bc5 4. c3 f5 5. Bxc6 dxc6 6. Nxe5 Bd6 7. Qh5+ g6 8.
Nxg6 Nf6 9. Qh4 Rg8 10. e5 Rxg6 11. exf6 Be6 12. f7+ Kxf7 13. Qxh7+ Rg7 14.
Qh5+ Kg8 15. O-O f4 16. Re1 Qf6 17. d4 Rf8 18. Nd2 Bg4 19. Ne4 Bxh5 20. Nxf6+
Rxf6 21. Kf1 Bf7 22. b3 Bd5 23. f3 Rfg6 24. c4 Bxf3 25. gxf3 Rg1+ 26. Ke2 Re7+
0-1

[Event "13. Lichtenberger Sommer"]
[Site "?"]
[Date "2014.08.16"]
[Round "1.39"]
[White "Stark, Ingo"]
[Black "Kujawa, Werner"]
[Result "1-0"]
[WhiteElo "2134"]
[BlackElo "1814"]
[PlyCount "78"]
[EventDate "2014.??.??"]
[WhiteTeam "TSG Oberschöneweide e.V."]
[BlackTeam "SV Motor Wildau e.V."]

1. e4 e6 2. d4 d5 3. Nc3 Nf6 4. Bg5 Be7 5. e5 Nfd7 6. Bxe7 Qxe7 7. Qd2 a6 8. f4
c5 9. Nf3 Nc6 10. O-O-O cxd4 11. Nxd4 Nxd4 12. Qxd4 Qc5 13. Qd2 b5 14. Kb1 Qc6
15. Ne2 Bb7 16. Nd4 Qb6 17. Qb4 Qc5 18. c3 Qxb4 19. cxb4 Ke7 20. Bd3 h5 21. Rc1
Rac8 22. Rhe1 g6 23. b3 Nb6 24. Kb2 Rxc1 25. Rxc1 Rc8 26. Rc5 Nd7 27. Rxc8 Bxc8
28. Nc6+ Ke8 29. a4 bxa4 30. bxa4 Bb7 31. Na5 Bc8 32. Nb3 Bb7 33. Kc3 Kd8 34.
Kd4 Kc7 35. a5 Bc8 36. b5 axb5 37. Bxb5 Bb7 38. Nc5 Bc6 39. Bd3 Nxc5 1-0

[Event "13. Lichtenberger Sommer"]
[Site "?"]
[Date "2014.08.16"]
[Round "1.40"]
[White "Petersen, Moritz"]
[Black "Tscheuschner, Georg"]
[Result "1-0"]
[WhiteElo "1711"]
[BlackElo "1967"]
[PlyCount "81"]
[EventDate "2014.??.??"]
[WhiteTeam "SV Glück auf Rüdersdorf e.V."]
[BlackTeam "SV Mattnetz Berlin e.V."]

1. d4 Nf6 2. Nf3 g6 3. c4 Bg7 4. Nc3 O-O 5. e4 d6 6. Be2 e5 7. d5 Nbd7 8. Be3
a5 9. Nd2 Nc5 10. O-O Nfd7 11. a3 a4 12. b4 axb3 13. Nxb3 f5 14. f3 Qe7 15. Qc2
f4 16. Bf2 g5 17. Nb5 Nxb3 18. Qxb3 Nc5 19. Qc2 h5 20. Rfd1 b6 21. a4 Nb7 22.
Be1 Na5 23. Bb4 g4 24. Qc3 Qh4 25. Bf1 gxf3 26. gxf3 Rf7 27. Bxa5 bxa5 28. Kh1
Bf8 29. Be2 Bh3 30. Rg1+ Kh7 31. Bf1 Bh6 32. Bxh3 Qxh3 33. Rg2 Rg8 34. Rxg8
Kxg8 35. Rg1+ Kh7 36. Qd3 Bf8 37. Qf1 Qc8 38. Qf2 Be7 39. Qg2 Kh8 40. Qg6 Rh7
41. Nxc7 1-0

[Event "13. Lichtenberger Sommer"]
[Site "?"]
[Date "2014.08.16"]
[Round "1.41"]
[White "Wecker, Martin"]
[Black "Bailliere, Arne"]
[Result "1-0"]
[WhiteElo "2049"]
[BlackElo "1673"]
[PlyCount "63"]
[EventDate "2014.??.??"]
[WhiteTeam "Godesberger Schachklub 1929 e.V."]
[BlackTeam "Sfrd. Berlin 1903 e.V."]

1. Nf3 Nf6 2. c4 e6 3. g3 g6 4. Bg2 Bg7 5. d4 d5 6. O-O O-O 7. Qc2 c6 8. Rd1
Nbd7 9. b3 Ne4 10. Bb2 f5 11. Nbd2 Ndf6 12. Ba3 Re8 13. Ne5 Nd6 14. Ndf3 Nfe4
15. Nd3 b6 16. Nfe5 Bb7 17. f3 dxc4 18. bxc4 Ng5 19. Bb2 Rc8 20. c5 Ndf7 21. e3
Nxe5 22. dxe5 Qc7 23. f4 Nf7 24. a4 Bf8 25. Bd4 Kg7 26. Qc3 Nh6 27. Rab1 bxc5
28. Bxc5 Ba6 29. Bxf8+ Rxf8 30. Nc5 Qe7 31. Nxa6 c5 32. Rb7 1-0

[Event "13. Lichtenberger Sommer"]
[Site "?"]
[Date "2014.08.16"]
[Round "1.42"]
[White "Hintze, Emanuel"]
[Black "Keil, Uwe"]
[Result "1/2-1/2"]
[WhiteElo "1922"]
[BlackElo "2132"]
[PlyCount "59"]
[EventDate "2014.??.??"]
[WhiteTeam "SK Zehlendorf e.V."]
[BlackTeam "SC Friesen Lichtenberg e.V."]

1. e4 d6 2. d4 g6 3. c4 Bg7 4. Nc3 Nc6 5. Be3 e5 6. d5 Nd4 7. Nge2 Nxe2 8. Bxe2
Nf6 9. O-O O-O 10. b4 a5 11. b5 Qe7 12. f3 Nh5 13. b6 cxb6 14. Bxb6 Nf4 15. Qe1
h5 16. Bd1 Bd7 17. Ne2 Ra6 18. Rb1 h4 19. Nxf4 exf4 20. Bf2 h3 21. g3 fxg3 22.
Bxg3 Bd4+ 23. Kh1 Rb6 24. Rxb6 Bxb6 25. Bf2 Bxf2 26. Rxf2 b6 27. Rb2 Qg5 28.
Qg1 Qxg1+ 29. Kxg1 Rc8 30. Be2 1/2-1/2

[Event "13. Lichtenberger Sommer"]
[Site "?"]
[Date "2014.08.16"]
[Round "1.43"]
[White "Flick, Antoine"]
[Black "Kohlmeyer, Dagobert"]
[Result "1-0"]
[WhiteElo "2035"]
[BlackElo "1888"]
[PlyCount "95"]
[EventDate "2014.??.??"]
[WhiteTeam "Philidor Mulhouse"]
[BlackTeam "SC Rochade e.V."]

1. d4 Nf6 2. Nf3 g6 3. c4 Bg7 4. Nc3 d5 5. cxd5 Nxd5 6. e4 Nxc3 7. bxc3 c5 8.
Rb1 O-O 9. Be2 Nc6 10. d5 Ne5 11. Nxe5 Bxe5 12. Qd2 Qa5 13. Rb3 Bd7 14. f4 Bg7
15. c4 Qxd2+ 16. Bxd2 b6 17. e5 Bf5 18. Bf3 Rab8 19. Ra3 a5 20. O-O h5 21. g3
Rfd8 22. Kg2 Rd7 23. h3 Ra7 24. g4 hxg4 25. hxg4 Bd7 26. Rb3 a4 27. Rb2 b5 28.
cxb5 Rxb5 29. Rxb5 Bxb5 30. Rc1 Rc7 31. Ba5 Rc8 32. Bb4 g5 33. Kg3 gxf4+ 34.
Kxf4 c4 35. Bxe7 c3 36. Be4 Bf8 37. Bf6 c2 38. Rxc2 Rxc2 39. Bxc2 a3 40. d6 Bc6
41. Bf5 Bb5 42. d7 Bxd7 43. Bxd7 Bb4 44. Kf5 Kf8 45. Bd8 Kg7 46. g5 Bc3 47.
Bf6+ Kf8 48. g6 1-0

[Event "13. Lichtenberger Sommer"]
[Site "?"]
[Date "2014.08.16"]
[Round "1.44"]
[White "Prix, Siegfried"]
[Black "Albrecht, Rainer"]
[Result "0-1"]
[WhiteElo "1777"]
[BlackElo "2109"]
[PlyCount "60"]
[EventDate "2014.??.??"]
[WhiteTeam "Sfrd. Berlin 1903 e.V."]
[BlackTeam "SC Kreuzberg e.V."]

1. e4 e6 2. d4 d5 3. Nc3 Bb4 4. Bd3 dxe4 5. Bxe4 Nf6 6. Bf3 c5 7. Nge2 Nc6 8.
Be3 cxd4 9. Nxd4 Nd5 10. Bxd5 Qxd5 11. O-O Bxc3 12. bxc3 O-O 13. Qe2 Nxd4 14.
Bxd4 Bd7 15. Rfd1 Qc6 16. Rab1 f6 17. Qe3 b6 18. f4 Rfe8 19. Qg3 Kh8 20. Re1
Re7 21. Rb4 Be8 22. Bf2 Bg6 23. Re2 Qd5 24. Rb2 Rc8 25. Bd4 Qa5 26. Qe1 Qa3 27.
Qb1 Qd6 28. Qe1 Qxf4 29. Rxe6 Rxe6 30. Qxe6 Re8 0-1

[Event "13. Lichtenberger Sommer"]
[Site "?"]
[Date "2014.08.16"]
[Round "1.45"]
[White "Heuser, Philip"]
[Black "Schönemann, Manfred"]
[Result "1-0"]
[WhiteElo "2095"]
[BlackElo "1781"]
[PlyCount "83"]
[EventDate "2014.??.??"]
[WhiteTeam "Münchener SC 1836 e.V."]
[BlackTeam "SV Turbine Berlin e.V."]

1. d4 Nf6 2. c4 e6 3. Nc3 d5 4. cxd5 exd5 5. Bg5 c6 6. e3 Be7 7. Qc2 h6 8. Bh4
O-O 9. Bd3 b5 10. f3 Na6 11. Qd2 Re8 12. Nge2 Bb7 13. Rc1 Nb4 14. Bf5 Nh5 15.
Bf2 Bc8 16. Bb1 a5 17. O-O a4 18. a3 Na6 19. Qd3 g6 20. e4 dxe4 21. fxe4 Bg5
22. Rcd1 Nf4 23. Nxf4 Bxf4 24. Be1 Bg5 25. Qf3 Rf8 26. Ba2 Qe7 27. d5 b4 28. d6
Qd7 29. Nxa4 Rb8 30. Bf2 bxa3 31. bxa3 Rb5 32. Bd4 c5 33. Ba1 Ra5 34. Qc3 Be3+
35. Qxe3 Rxa4 36. Qxh6 Rd4 37. Qxg6+ Kh8 38. Qh6+ Kg8 39. Rxd4 cxd4 40. Qg6+
Kh8 41. Qh6+ Kg8 42. Bxd4 1-0

[Event "13. Lichtenberger Sommer"]
[Site "?"]
[Date "2014.08.16"]
[Round "1.46"]
[White "Peter, Volkhard"]
[Black "Heerde, Thomas"]
[Result "0-1"]
[WhiteElo "1815"]
[BlackElo "2074"]
[PlyCount "64"]
[EventDate "2014.??.??"]
[WhiteTeam "Schachclub Oranienburg e.V."]
[BlackTeam "SC Weisse Dame e.V."]

1. e4 d5 2. exd5 Qxd5 3. Nc3 Qa5 4. d4 Nf6 5. Bc4 c6 6. Nf3 Bf5 7. O-O Nbd7 8.
Bf4 e6 9. Bd3 Bg4 10. h3 Bh5 11. Re1 O-O-O 12. Re3 g5 13. Be5 g4 14. hxg4 Bxg4
15. Qd2 Bb4 16. Ng5 Bh5 17. a3 Rhg8 18. f4 h6 19. Nge4 Nxe4 20. Bxe4 f6 21. Rh3
Bg4 22. Qc1 Bxh3 23. axb4 Qb6 24. Qe3 fxe5 25. Qxh3 exd4 26. Na4 Qxb4 27. Qxe6
Rde8 28. Qf5 Qe7 29. Re1 Rgf8 30. Qg4 Qb4 31. Bxc6 Rxe1+ 32. Kh2 bxc6 0-1

[Event "13. Lichtenberger Sommer"]
[Site "?"]
[Date "2014.08.16"]
[Round "1.47"]
[White "Guenther, Thomas"]
[Black "Wolff, Marie Antoinette"]
[Result "1/2-1/2"]
[WhiteElo "2089"]
[BlackElo "1707"]
[PlyCount "96"]
[EventDate "2014.??.??"]
[WhiteTeam "SV Senat"]
[BlackTeam "Leegebrucher Schachfreunde"]

1. d4 d5 2. Nf3 Nf6 3. c4 c6 4. e3 g6 5. Nc3 Bg7 6. Bd3 O-O 7. O-O Bg4 8. Qb3
Bxf3 9. gxf3 Qd7 10. Kh1 Qh3 11. Be2 b6 12. cxd5 cxd5 13. Nxd5 Nc6 14. Nxf6+
Bxf6 15. Rg1 Bh4 16. Rg2 Rac8 17. Bd2 e5 18. d5 Ne7 19. e4 Bf6 20. Qa4 Bh4 21.
Bc3 g5 22. Bxe5 Ng6 23. f4 b5 24. Qxb5 Nxe5 25. fxe5 Rb8 26. Qa6 Rb6 27. Qa3
Qd7 28. Bg4 Qb5 29. Qh3 Qxb2 30. Rag1 Qxe5 31. Bf5 Rh6 32. Rg4 Kh8 33. f4 Qf6
34. Qg2 Rh5 35. d6 Qxd6 36. e5 Qb6 37. Qe4 Qh6 38. R1g2 Rd8 39. Qe2 gxf4 40. e6
Rxf5 41. e7 Bxe7 42. Qxe7 Rd1+ 43. Rg1 Qc6+ 44. R4g2 Rxg1+ 45. Kxg1 Qc1+ 46.
Kf2 Qd2+ 47. Kf1 Qd1+ 48. Kf2 Qd2+ 1/2-1/2

[Event "13. Lichtenberger Sommer"]
[Site "?"]
[Date "2014.08.16"]
[Round "1.48"]
[White "Scholta, Danilo"]
[Black "Schulz, Hartmut"]
[Result "1/2-1/2"]
[WhiteElo "1761"]
[BlackElo "2106"]
[PlyCount "83"]
[EventDate "2014.??.??"]
[WhiteTeam "SV Empor Berlin e.V."]
[BlackTeam "SC Rotation Pankow e.V."]

1. d4 d5 2. f4 Bf5 3. Nf3 e6 4. e3 Nf6 5. Bd3 Bxd3 6. Qxd3 c6 7. O-O Nbd7 8.
Nbd2 Be7 9. Ne5 O-O 10. Nxd7 Qxd7 11. Nf3 Ne4 12. Nd2 Nf6 13. Nf3 c5 14. c3
Rac8 15. Bd2 Ne4 16. a4 c4 17. Qc2 Bd6 18. Be1 f5 19. Nd2 Nxd2 20. Bxd2 Qe7 21.
Rab1 Rc7 22. b4 cxb3 23. Rxb3 Qd7 24. Ra1 Rc4 25. Rb5 b6 26. Qb2 Bc7 27. Rb4
Rc6 28. Qa2 Rc8 29. Rb5 Bd8 30. Rb3 Rc4 31. Rb5 g5 32. g3 Kh8 33. Kf2 Qe8 34.
h3 Qh5 35. Rh1 Qg6 36. Qa3 Qe8 37. Ra1 Be7 38. Qb3 Bd8 39. Qa2 Qh5 40. Rh1 Qe8
41. Ra1 h5 42. Rbb1 1/2-1/2

[Event "13. Lichtenberger Sommer"]
[Site "?"]
[Date "2014.08.16"]
[Round "1.50"]
[White "König, Dennis"]
[Black "Hoffmann, Rainer"]
[Result "0-1"]
[WhiteElo "1620"]
[BlackElo "2064"]
[PlyCount "88"]
[EventDate "2014.??.??"]
[WhiteTeam "SV Königsjäger Süd-West e.V."]
[BlackTeam "BSC Rehberge 1945 e.V."]

1. d4 Nf6 2. Nf3 e6 3. Bf4 b6 4. e3 Bb7 5. Nbd2 Be7 6. Bd3 d5 7. c3 Nbd7 8. Ne5
Nxe5 9. Bxe5 O-O 10. O-O c5 11. Re1 Nd7 12. Bg3 f5 13. Nf3 c4 14. Bc2 b5 15. a3
a5 16. Ne5 Nf6 17. Bh4 Qe8 18. Bxf6 gxf6 19. Nf3 Qh5 20. Nd2 Qxd1 21. Rexd1 Bc6
22. Rdb1 Rfb8 23. f4 b4 24. a4 Rb7 25. Kf2 Rab8 26. Kf1 Kf7 27. Kf2 Bd6 28. g3
Ke7 29. Kf1 Be8 30. Kf2 Bd7 31. Kf3 h6 32. Kf2 Be8 33. Kf1 bxc3 34. bxc3 Rb2
35. Rc1 e5 36. Nf3 e4 37. Ne1 Kd8 38. Kg1 Kc7 39. Kf1 Bb4 40. cxb4 axb4 41.
Rab1 Rxb1 42. Bxb1 b3 43. Ke2 c3 44. Kd1 Bh5+ 0-1

[Event "13. Lichtenberger Sommer"]
[Site "?"]
[Date "2014.08.16"]
[Round "1.51"]
[White "Hahlbohm, Matthias"]
[Black "Born, Jonathan"]
[Result "1-0"]
[WhiteElo "2074"]
[BlackElo "1706"]
[PlyCount "25"]
[EventDate "2014.??.??"]
[WhiteTeam "TSG Oberschöneweide e.V."]
[BlackTeam "SV Königsjäger Süd-West e.V."]

1. e4 e5 2. Nf3 Nc6 3. Bc4 Bc5 4. b4 Nxb4 5. c3 Nc6 6. d4 exd4 7. O-O Qf6 8. e5
Nxe5 9. Nxe5 dxc3 10. Nxf7 c2 11. Qxc2 Ne7 12. Nxh8 Qxa1 13. Bb2 1-0

[Event "13. Lichtenberger Sommer"]
[Site "?"]
[Date "2014.08.16"]
[Round "1.52"]
[White "Mildenberger, Hans"]
[Black "Godoj, Veit"]
[Result "0-1"]
[WhiteElo "1632"]
[BlackElo "2031"]
[PlyCount "48"]
[EventDate "2014.??.??"]
[WhiteTeam "BVG-Helmholz"]
[BlackTeam "SV Königsjäger Süd-West e.V."]

1. d4 Nf6 2. c4 e5 3. dxe5 Ng4 4. Nc3 Nxe5 5. e4 Bc5 6. Nf3 Ng4 7. Be3 Bxe3 8.
fxe3 Nxe3 9. Qd2 Nxf1 10. Rxf1 O-O 11. O-O-O Nc6 12. Nd5 d6 13. Qg5 f6 14. Qh4
Be6 15. g4 Bxd5 16. Rxd5 Ne5 17. b3 c6 18. Rd2 Qa5 19. Qg3 b5 20. Nd4 bxc4 21.
bxc4 Nxc4 22. Rc2 Ne5 23. Qb3+ Kh8 24. Rb2 Qc5+ 0-1